000 00494nam a22001697a 4500
005 20251108172050.0
008 250721s9999 xx 000 0 ara d
082 1 4 _aط/ 599
245 1 0 _aحيوانات صغيرة /
264 1 _aبيروت :
_bدار المعارف،
_c[19-].
300 _a[7]ص. : مص
490 0 _aجنة الأطفال
650 1 7 _aصغار الحيوان
653 _aأطفال ما قبل المدرسة (0-5 سنوات)
942 _2ddc
_cBK
999 _c69576
_d69576